| 000 | 00762nam a2200229 a 4500 | ||
|---|---|---|---|
| 999 |
_c3220 _d3220 |
||
| 001 | 3220 | ||
| 003 | BD-JhCC | ||
| 005 | 20171112095552.0 | ||
| 008 | 171111s1985 bg ||||| |||| 00| 0 ben d | ||
| 035 | _a(BD-JhCC) | ||
| 040 |
_aBD-JhCC _dBD-JhCC |
||
| 041 | _aben | ||
| 082 |
_a301 _bSHA 1985 |
||
| 100 | _a সেন, রংগলাল | ||
| 245 |
_aবাংলাদেশের সামাজিক ন্তরবিন্যাস / _cরংগলাল সেন |
||
| 260 |
_aঢাকা : _bবাংলা একাডেমী, _c১৯৮৫ |
||
| 300 |
_a95 p. : _c20cm. |
||
| 490 | _aSeries in honour of the Martyrs of the Language Movement of Febuary 1952. | ||
| 650 |
_aSocial Structure _zBangladesh |
||
| 942 |
_2ddc _cBK |
||